000 00465pab a2200169 454500
008 180718b2003 xxu||||| |||| 00| 0 eng d
100 _aPanda, Sudhakar
245 _aEconomic reforms and the challenge of social sector development
260 _c2003
300 _ap.69-76.
362 _aJul
650 _aEconomic and social development
650 _aEconomic reform
700 _aMishra, Pratip K.
773 _aIndian Journal of Economics
909 _a58965
999 _c58965
_d58965